000 00369nam a22001457a 4500
003 OSt
005 20160727222447.0
008 160704b xxu||||| |||| 00| 0 eng d
040 _cTEST
100 _91974
_a Whitehead, et al
245 _aChina Search for Community
260 _aN.Y
_b Friendship Press
_c1978
300 _aChina Search for Community
942 _2ddc
_cBK
999 _c1676
_d1676